000 00552nam a2200193Ia 4500
005 20250326124230.0
008 250326s9999 xx 000 0 und d
037 _aTextbook
040 _aFMSL
_beng
_cFMSL
041 _aeng
_2eng
084 _aX:51 L8;4
_qFMSL
100 _aTaylor J L
_9737049
245 0 _aFundamentals of marketing: additional dimensions
_cTaylor J L; Robb J F
250 _a2
260 _aNew Delhi
_bNew Delhi, Tata McGraw-Hill
_c1978
300 _a485p
942 _cTB
_hX:51 L8;4
999 _c1272861
_d1272861